000 04044nkm0a2200565 4500
001 RU\NLR\BIBL_A\022703093
005 20260409064157.0
035 _a(NLR Aleph) 022703093
071 5 0 _a193
090 _a13534180
_c13534180
100 _a20260119d1904 u y0rusy50 ca
101 0 _arus
102 _aRU
116 _aiiycxx bf zz
135 _acrcn 024anaba
181 0 _ab4
_bxb2e
182 0 _an
200 1 _a1. Генерал-адъютант А. Н. Куропаткин. 2. Генерал-адъютант А. М. Стессель
_e[календарная стенка]
203 _aИзображение
_bнеподвижное
_bдвухмерное
_bвизуальное
_cнепосредственное
210 _aВ Москве
_cЛит. Т-ва И. Д. Сытина
_dценз. 1904
215 _a1 л.
_cхромолитогр.
_d31,5х17,7
300 _aЦенз. разрешение: Дозв. ценз. Москва. 27 ноября 1904 г.
301 _aИзд. номер: № 193
316 _aЭкз. РНБ на шифре Э Пр.гр./К171-П, Эаф15413 дефектный: проколы слева вверху
_5NLR: Э Пр.гр./К171-П
325 _aКопия доступна в Электрон. б-ке РНБ
327 0 _aПортрет А. Н. Куропаткина: погрудный, прямолично, в мундире с эполетами, с орденской лентой и наградами. Портрет А. М. Стесселя: погрудный, прямолично, в мундире с эполетами, с орденской лентой и наградами. В общем обрамлении с цветами, орнаментика в стилистике модерна
517 1 _aГенерал-адъютант А. Н. Куропаткин
517 1 _aГенерал-адъютант А. М. Стессель
532 1 0 _a1. Генерал-адъютант Алексей Николаевич Куропаткин. 2. Генерал-адъютант Анатолий Михайлович Стессель
600 1 _aКуропаткин
_bА.Н.
_f1848 - 1925
_gАлексей Николаевич
_jКалендарные стенки
_92079788
_3RU\NLR\AUTH\661255685
600 1 _aСтессель
_bА.М.
_f1848 - 1915
_gАнатолий Михайлович
_jКалендарные стенки
_91680537
_3RU\NLR\AUTH\661044865
606 1 _aКалендарные стенки
_92185775
_3RU\NLR\AUTH\6601550393
610 1 _aПортретные изоиздания
686 1 _aЩ150.489
702 1 _4570
_8rus
_7ca
_aКуропаткин
_bА. Н.
_f1848-1925
_gАлексей Николаевич
_3RU\NLR\AUTH\778225
_9118139
702 1 _4570
_7ca
_8rus
_aСтессель
_bА. М.
_f1848-1915
_gАнатолий Михайлович
_9149619
_3RU\NLR\AUTH\770149655
712 0 0 _4650
_4610
_aСытин,
_gИ. Д.,
_hкнигоиздательство
_cМосква
_bТипография
_3RU\NLR\AUTH\880382607
_9431490
830 _a"Главнокомандующий всеми сухопутными и морскими вооружёнными силами, действующими против Японии (13 октября 1904 — 3 марта 1905)": https://ru.wikipedia.org/wiki/Куропаткин,_Алексей_Николаевич (16.01.2026). АЯ ОЭФ
852 0 0 _aNLR
_bЭ
_jПр.гр./К171-П
_mЭаф15413
856 0 _uhttps://vivaldi.nlr.ru/lp500003405/view
856 1 _uhttps://vivaldi.nlr.ru/lp500003405/cover
856 2 _uhttps://vivaldi.nlr.ru/lp500003405/text
942 _cVISUAL
980 _aNB
981 1 7 _a(17) Изографические материалы
_b(17) Портреты
981 1 7 _a(17) Изографические материалы
_b(17) Прикладная графика